| 000 | 00751nam a2200241 a 4500 | ||
|---|---|---|---|
| 001 | 518827 | ||
| 003 | OSt | ||
| 005 | 20170605115336.0 | ||
| 008 | 881013s1988 ohua b 001 0 eng | ||
| 010 | _a 86064028 | ||
| 020 |
_a0538088303 _z0538008303 (cover) |
||
| 040 |
_aDLC _cDLC _dDLC |
||
| 050 | 0 | 0 |
_aHB171.5 _b.M475 1988 |
| 082 | 0 | 0 |
_a330 _219 |
| 100 | 1 | _aMcEachern, William A. | |
| 245 | 1 | 0 |
_aEconomics : _ba contemporary introduction / _cWilliam A. McEachern. |
| 260 |
_aCincinnati : _bSouth-Western Pub. Co., _cc1988. |
||
| 300 |
_axvi, 898 p. : _bill. (some col.) ; _c27 cm. |
||
| 504 | _aIncludes bibliographical references and index. | ||
| 650 | 0 | _aEconomics. | |
| 906 |
_a7 _bcbc _corignew _d3 _eopcn _f19 _gy-gencatlg |
||
| 942 |
_2lcc _cBK |
||
| 999 |
_c256516 _d256515 |
||